000 00741 a2200205 4500
010 _aENG-89938
020 _a8125032479
_c380.00
035 _aEN-73471
037 _bDBAD / PUB
082 1 4 _a327.73
090 _c12016
_d12016
245 1 _aEmpire's law:
_cedited by Amy Bartholomew
_bthe American Imperial Project and the 'war to remake the world'/
260 _aNew Delhi
_bOrient Longman
_c2006
270 _a1/24, Asaf Ali Road,
_bNew Delhi
_e110002
_mdelgeneral@orientlongman.com
_cDelhi
300 _ax, 381p.
_c22 cm (pbk)
500 _aIncludes index
700 _aBartholomew, Amy
942 _adpl
_cEN
_k327.73 / EMP
999 _c11662
_d11662